| 000 | 00688cam a2200217 a 4500 | ||
|---|---|---|---|
| 001 | 0000000580 | ||
| 005 | 20140825163922.0 | ||
| 008 | 940815s1995 tnu b 001 0 eng | ||
| 010 | _a 94035074 | ||
| 020 | _a0805421165 | ||
| 040 |
_aDLC _cDLC _dPUL |
||
| 100 | 1 | _aBryson, Harold T. | |
| 245 | 1 | 0 |
_aExpository preaching : _bthe art of preaching through a book of the Bible / _cHarold T. Bryson. |
| 260 |
_aNashville, Tenn. : _bBroadman & Holman, _cc1995. |
||
| 300 |
_avii, 437 p. ; _c24 cm. |
||
| 504 | _aIncludes bibliographical references (p. 409-418) and indexes. | ||
| 630 | 0 | 0 |
_aBible _xHomiletical use. |
| 650 | 0 | _aPreaching. | |
| 908 | _a041110 | ||
| 050 |
_aBV4211.2 _b.B77 1995 |
||
| 999 |
_c565 _d565 |
||